Um pedacinho do céu (Record no. 155460)

MARC details
000 -LÍDER
campo de controle de tamanho fixo 00280 a2200121 4500
001 - NÚMERO DE CONTROLE
campo de controle 155460
040 ## - FONTE DA CATALOGAÇÃO
Instituição que transcreveu o registro Escola São Tomás de Aquino
100 ## - ENTRADA PRINCIPAL--NOME PESSOAL
Nome pessoal BEGHININI, Fabiana
240 10 - TÍTULO UNIFORME
Título uniforme Um pedacinho do céu
Idioma da obra por
245 10 - TÍTULO
Título Um pedacinho do céu
697 ## - ENTRADA DE ASSUNTO LOCAL--ENTIDADE COLETIVA (RLIN)
Nome corporativo ou nome da jurisdição CIÊNCIAS
942 ## - ELEMENTOS DE ENTRADA ADICIONADOS (KOHA)
Tipo de material Koha Livros
Holdings
Situação do descarte Situação das perdas Situação física Não pode ser emprestado Biblioteca de origem Biblioteca atual Data de aquisição Total de empréstimos Número de chamada completo Código de barras Data de último acesso Data do preço efetivo Tipo de material Koha
        ESTA - SÃO BENTO ESTA - SÃO BENTO 30/04/2024   500 BEG PED EST00009544 30/04/2024 30/04/2024 Livros